| 000 | 00320nam a2200121Ia 4500 | ||
|---|---|---|---|
| 008 | 230907s9999||||xx |||||||||||||| ||und|| | ||
| 082 |
_a629.13452 _bBAR |
||
| 100 |
_aBarlow, Jewel B. _9115511 |
||
| 245 | 0 | _aLow-speed wind tunnel testing / | |
| 260 |
_aWiley, _bNew York : _c2018 |
||
| 300 | _axii, 713 p. : | ||
| 942 | _cBK | ||
| 999 |
_c598618 _d598618 |
||